000 00865cam a2200241 a 4500
999 _c9313
_d9313
001 9313
003 BD-JhCC
005 20180312193328.0
008 870401s1955 enk 00000 eng d
035 _a1038135
_a(BD-JhCC)9313
040 _aANL
_dANL
_dBD-JhCC
041 _aeng
082 0 _a308
_bBRI 1955
100 1 _aBridges, Robert,
_d1844-1930.
245 1 0 _aRobert Bridges poetry & prose :
_bwith appreciations by G. M. Hopkins, Coventry Patmore, Lionel Johnson, Laurence Binyon and others /
_cwith an introduction and notes by John Sparrow.
260 _aOxford :
_bThe Clarendon Press,
_c1955.
300 _axliv, 166 p. :
_bfront. (port.) ;
_c19 cm.
500 _aPrinter: Charles Batey.
500 _aLibrary’s copy includes one handwritten note and one typed note
_5ANL
700 1 _aSparrow, John,
_d1906-
942 _2ddc
_cBK